Największe miasta Polski na literę Ż - Statystyki

Ogólne statystyki
  • Ten quiz został rozwiązany 20 razy
  • Średni wynik to 6 z 10
Statystyki odpowiedzi
Ludność Województwo Podpowiedź Miasto % Poprawnych
62 472 śląskie Było wielokrotnie niszczone przez pożary, co doprowadziło do powstania Święta Ogniowego Żory
100%
37 304 lubuskie Siedziba Komendy Miejskiej, do której dzwoniono w sprawie pożaru styrty Żary
85%
31 091 śląskie Ma taką samą nazwę jak popularna marka piwa Żywiec
85%
39 828 mazowieckie Stolica polskiego lnu Żyrardów
80%
13 793 kujawsko-pomorskie Pochodził stamtąd Erazm Gliczner, autor pierwszej polskiej książki o wychowaniu Żnin
75%
25 668 lubuskie W XVII wieku Albrecht Wallenstein, ówczesny właściciel księstwa, sprowadził do tego miasta sławnego uczonego i astronoma, Jana Keplera. Dzięki Keplerowi powstała tu m.in. pierwsza w mieście drukarnia Żagań
60%
6689 pomorskie Jest nazywane "Bramą Kaszub" przez to, że biegną przez nie główne trasy z Gdańska i Gdyni do serca Kaszub Żukowo
45%
8816 mazowieckie Pomimo jego bogatej historii związanej z np. klasztoru Reformatów otrzymało niesławny przydomek "polskiej stolicy fentanylu" z powodu problemów z uzależnieniami Żuromin
40%
8109 łódzkie Znajduje się tam pałac Bronikowskich, który był miejscem pobytu młodego Chopina Żychlin
40%
6698 dolnośląskie jego nazwa wywodzi się od wypalania lasu pod osadę (żarzyska) Żarów
35%
Nie znaleziono quizów pasujących do podanych kryteriów
Rozkład punktacji
Procent ludzi z każdym wynikiem
Percentyl według liczby udzielonych odpowiedzi
Twoja historia wyników
Nie rozwiązałeś tego quizu